Rūdolfa Blaumaņa noveļu naratīvs
| Titel: | Rūdolfa Blaumaņa noveļu naratīvs : tekstveides stratēģijas aspekts / Olga Senkāne |
|---|---|
| Verfasser: | |
| In: |
Rūdolfs Blaumanis: teksts un konteksts, (2013), Seite 49-58 alle Artikel anzeigen |
| Veröffentlicht: | 2013 |
| Format: | Aufsatz |
| Sprache: | Lettisch |
X
alg: 46970581 001A $03025:21-09-20 001B $01999:21-09-20 $t22:40:10.000 001D $03025:21-09-20 001U $0utf8 001X $00 002@ $0Aou 002C $aText $btxt $2rdacontent 002D $aohne Hilfsmittel zu benutzen $bn $2rdamedia 002E $aBand $bnc $2rdacarrier 003@ $0469705817 007A $0469705817 $aHEB 010@ $alav 010E $erda 011@ $a2013 $n2013 021A $aRūdolfa Blaumaņa noveļu naratīvs $dtekstveides stratēģijas aspekts $hOlga Senkāne 028A $BVerfasser $4aut $8Senkāne, Olga [Tnu] $9467743452 031A $g10 $h49-58 $j2013 039B $aEnthalten in $8--Aau--. Rūdolfs Blaumanis: teksts un konteksts. - Rīga : LU Akadēmiskais apgāds, 2013. - 486 Seiten. - Illustrationen, Karten. - ISBN 978-9984-45-781-9 $x201300000000000951 $9462979644 044K $#Blauman, R. $#Blauman, Rudolʹf $#Blaumanis, Rudolʹf $#Blaumann, Rudolf $7118511610 $8Blaumanis, Rūdolfs$Z1863-1908 [Tp1] $9086852744 044K $#Lettland $#Lettland $#Latvija $#Latvijas Republika $#Lettische Republik $#Lettische SSR $#Latvijskaja SSR $74074187-4 $8Lettland [Tg1] $9085208876 044K $RKurzepik $RErzählung $#Short story $#Short stories $#Nouvelles $#Novela corta $#Novellen $74042706-7 $8Novelle [Ts1] $9085118443 044K $RRezension $#Criticism $#Critique littéraire $#Critica letteraria $#Crítica literaria $#Literaturkritik $#Kritik Literatur $74036020-9 $8Literaturkritik [Ts1] $9085097551 044K $RLiteraturtheorie $RPoetik $RErzählforschung $RNarrativität $#Discourse analysis, Narrative $#Narration (Rhetoric) $#Analyse du discours narratif $#Narration $#Análisis del discurso narrativo $#Narratologie $74152975-3 $8Erzähltheorie [Ts1] $9085640263 045F $a809 $eDDC23BSB 045F/01 $a809 045F/03 $f09034 045F/03 $g4796 046L $aEnglische Zusammenfassung unter dem Titel: Narrative of Rūdolfs Blaumanis' novellas: an aspekt of text formation strategy lok: 46970581 78 exp: 46970581 78 1 #EPN 201B/01 $021-09-20 $t14:43:07.000 201C/01 $021-09-20 201U/01 $0utf8 203@/01 $01123600457 208@/01 $a21-09-20 $be 209A/01 $a/ $f000 $x00 209A/01 $ab*p $x01 220C/01 $akoe 247C/01 $82080>Marburg/Lahn, Herder-Institut, Forschungsbibliothek, Bibliographieportal $9336309341
| LEADER | 00000caa a2200000 c 4500 | ||
|---|---|---|---|
| 001 | 469705817 | ||
| 003 | DE-603 | ||
| 005 | 20200921224010.0 | ||
| 007 | tu | ||
| 008 | 200921s2013 xx |||| | u00||u|lav c | ||
| 035 | |a (DE-599)HEB469705817 | ||
| 040 | |a DE-603 |b ger |c DE-603 |d DE-603 |e rda | ||
| 041 | |a lav | ||
| 082 | 0 | 4 | |8 1\u |a 809 |q DE-101 |2 23/BSB |
| 085 | |8 1\u |b 809 | ||
| 085 | |8 1\u |z 1 |s 09034 | ||
| 085 | |8 1\u |z 2 |s 4796 | ||
| 100 | 1 | |a Senkāne, Olga |e Verfasser |4 aut |0 (DE-603)467743452 | |
| 245 | 0 | 0 | |a Rūdolfa Blaumaņa noveļu naratīvs |b tekstveides stratēģijas aspekts |c Olga Senkāne |
| 264 | 0 | |c 2013 | |
| 336 | |a Text |b txt |2 rdacontent | ||
| 337 | |a ohne Hilfsmittel zu benutzen |b n |2 rdamedia | ||
| 338 | |a Band |b nc |2 rdacarrier | ||
| 546 | |a Englische Zusammenfassung unter dem Titel: Narrative of Rūdolfs Blaumanis' novellas: an aspekt of text formation strategy | ||
| 600 | 1 | 7 | |a Blaumanis, Rūdolfs |d 1863-1908 |0 (DE-588)118511610 |0 (DE-603)086852744 |2 gnd |
| 650 | 7 | |a Novelle |0 (DE-588)4042706-7 |0 (DE-603)085118443 |2 gnd | |
| 650 | 7 | |a Literaturkritik |0 (DE-588)4036020-9 |0 (DE-603)085097551 |2 gnd | |
| 650 | 7 | |a Erzähltheorie |0 (DE-588)4152975-3 |0 (DE-603)085640263 |2 gnd | |
| 651 | 7 | |a Lettland |0 (DE-588)4074187-4 |0 (DE-603)085208876 |2 gnd | |
| 773 | 0 | 8 | |i Enthalten in |t Rūdolfs Blaumanis: teksts un konteksts |d Rīga : LU Akadēmiskais apgāds, 2013 |h 486 Seiten, Illustrationen, Karten |z 9789984457819 |g (2013), Seite 49-58 |w (DE-603)462979644 |
| 924 | 0 | |9 2080 |a (DE-603)1123600457 |b DE-2080 |c HES |d d |g / | |


